Nemocná duše - nemocný mozek: klinická zkušenost a fakta : [sborník přednášek a abstrakt VI. sjezdu České psychiatrické společnosti s mezinárodní účastí] /

Korporativní autor: Psychiatrická společnost ČLS JEP. Sjezd
Další autoři: Raboch, Jiří, 1951-, Zrzavecká, Irena, 1959-, Doubek, Pavel, 1970-
Jazyk: Slovenština
Čeština
Angličtina
Vydáno: Praha : Galén, c2006
Vydání: 1. vyd.
Témata:
Externí odkaz: Digitalizovaný dokument
Fyzický popis: xix, 286 s. : il. ; 23 cm
Language note: Část. anglický a slovenský text
Knihy
Uloženo v:
LEADER 02352nam a2200517 a 4500
001 nkc20061658907
003 CZ PrNK
005 20250611103010.0
007 ta
008 060609s2006 xr a f 101 0 cze
015 |a cnb001658907 
020 |a 80-7262-420-2  |q (brož.) 
035 |a (OCoLC)85548499 
040 |a OLA001  |b cze  |d ABA001 
041 0 |a cze  |a eng  |a slo 
072 7 |a 616.89  |x Psychiatrie  |2 Konspekt  |9 14 
080 |a 616.89-008  |2 MRF 
080 |a 616.89  |2 MRF 
080 |a (062.534)  |2 MRF 
110 2 |a Psychiatrická společnost ČLS JEP.  |b Sjezd  |n (6. :  |d 2006 :  |c Špindlerův Mlýn, Česko)  |7 olak2006333185 
245 1 0 |a Nemocná duše - nemocný mozek: klinická zkušenost a fakta :  |b [sborník přednášek a abstrakt VI. sjezdu České psychiatrické společnosti s mezinárodní účastí] /  |c Jiří Raboch, Irena Zrzavecká, Pavel Doubek - pořadatelé 
246 3 |a Sborník přednášek a abstrakt VI. sjezdu České psychiatrické společnosti s mezinárodní účastí 
246 3 |a VI. sjezd České psychiatrické společnosti 
250 |a 1. vyd. 
260 |a Praha :  |b Galén,  |c c2006 
300 |a xix, 286 s. :  |b il. ;  |c 23 cm 
500 |a Sjezd Psychiatrické společnosti ČLS JEP se uskutečnil ve Špindlerově Mlýně 8.-11. června 2006 
504 |a Obsahuje bibliografie a rejstřík 
521 8 |a Určeno odborné veřejnosti 
546 |a Část. anglický a slovenský text 
650 0 7 |a duševní poruchy  |7 ph119647  |2 czenas 
650 0 7 |a klinická psychiatrie  |7 ph230276  |2 czenas 
650 0 9 |a mental disorders  |2 eczenas 
650 0 9 |a clinical psychiatry  |2 eczenas 
655 7 |a sborníky konferencí  |7 fd133333  |2 czenas 
655 9 |a proceedings of conferences  |2 eczenas 
700 1 |a Raboch, Jiří,  |d 1951-  |7 jn20000402087  |4 com 
700 1 |a Zrzavecká, Irena,  |d 1959-  |7 jn20001227546  |4 com 
700 1 |a Doubek, Pavel,  |d 1970-  |7 nlk20030127577  |4 com 
856 4 1 |u http://www.digitalniknihovna.cz/mzk/uuid/uuid:74495950-ec24-11e5-8d5f-005056827e51  |y Digitalizovaný dokument  |x NDK 
910 2 |a BOA001  |b 2-1173.308 
990 |a BK 
995 |a 01 
991 |b 200608  |c NOV 
996 6 |b 2610286879  |c 2-1173.308  |l MZK  |r Sklad / do 1 hodiny  |n 1  |p p.v.  |w 000822033  |u 000010  |a 1  |e BOA001  |j MZK50  |s P 
996 7 |b 2610296921  |c 2-1173.308  |l MZK  |r Sklad / do 1 hodiny  |n 38  |p kup  |w 000822033  |u 000020  |a 1  |e BOA001  |j MZK50  |s A